000 00515nam a2200181Ia 4500
003 GCL
005 20240530100115.0
008 140319s9999 xx 000 0 eng d
040 _aGCL /
_cGCL
082 0 4 _a792.0962
_bS E
100 1 _aSADAGROVE, P.C
245 1 0 _aTHE EGYPTIAN THEATRE IN THE NINETEENTH CENTURY ( 1799 - 1882 ) /
_cSADAGROVE, P.C
260 _a[S.N] :
_bITHACA PRESS ،
_c1996
300 _a214 P
650 0 4 _aTHEATER - HISTORY - 19 CENTURY
650 0 4 _aEGYPTIAN THEATRE
942 _2ddc
_cBK
999 _c14109
_d14109